Signalflaggen bzw. Flaggenalphabet - Statistiken

Allgemein
  • Dieses Quiz wurde 28 mal gespielt
  • Das Durchschnittsergebnis liegt bei 23 aus 36
Antwortstatistiken
Bildquiz Antwort % Korrekt
Uniform
92%
Bravo
85%
Oscar
85%
Lima
77%
Charlie
69%
Delta
69%
Echo
69%
Hotel
69%
India
69%
November
69%
Quebec
69%
Sierra
69%
Xray
69%
Alpha
62%
Foxtrot
62%
Juliett
62%
Mike
62%
Papa
62%
Tango
62%
Terrathree
62%
Unaone
62%
Whiskey
62%
Yankee
62%
Zulu
62%
Bissotwo
54%
Kilo
54%
Nadazero
54%
Novenine
54%
Oktoeight
54%
Pantafive
54%
Romeo
54%
Setteseven
54%
Soxisix
54%
Victor
54%
Golf
46%
Kartefour
46%
Keine übereinstimmenden Quizze gefunden
Verteilung der Resultate
Anzahl Personen mit jedem Resultat
Perzentil nach korrekt beantworteten Fragen
Ihre Resultats-Entwicklung
Sie haben dieses Quiz noch nicht gespielt